000 01367cam a2200397 a 4500
001 000018534
005 20200929165822.0
008 831031s1981 mx a 000 0 spa d
040 _aDO-SdBNP
_bspa
_cLC
_dBNPHU
082 _a808.8
_bE74
245 0 4 _aLos escritores /
_cAlejandro Aviles ... [et al.].
260 _aMéxico, D. F. :
_bComunicación e Información :
_bTecnología Electrónica Digital,
_c1981.
300 _a222 p. :
_bil. ;
_c20 cm.
650 4 _aAutores mexicanos
_ySIGLO XXI
_xEntrevistas
_940070
650 4 _aLiteratura mexicana
_91922
650 4 _aLiteratura colombiana
_91244
700 1 _aAvilés, Alejandro.
_940071
700 1 _aCampos, Marco Antonio.
_940072
700 1 _aChávez, Elías.
_940073
700 1 _aDelgado, René.
_940074
700 1 _aFazio, Carlos.
_929950
700 1 _aGalarza, Gerardo.
_940075
700 1 _aGarcía, Elvira.
_940076
700 1 _aGarcía Leyva, Rosendo.
_940077
700 1 _aIbarra, María Esther.
_940078
700 1 _aMergier, Anne Marie.
_940079
700 1 _aMorales, Sonia.
_940080
700 1 _aNepomuceno, Eric.
_940081
700 1 _aOsorio, Manuel.
_940082
700 1 _aPonce, Armando.
_940083
700 1 _aRamírez, Carlos.
_940084
700 1 _aReveles, José.
_940085
700 1 _aTorres, Vicente Francisco.
_940086
910 _aCatalogación derivada / LC
049 _aBNGR
999 _c18054
_d18054